书目信息 |
| 题名: |
ANSYS 15.0多物理耦合场有限元分析从入门到精通
|
|
| 作者: | 胡仁喜 , 闫波 , 康士廷 编著 | |
| 分册: | ||
| 出版信息: | 北京 机械工业出版社 2015.01 |
|
| 页数: | 457页 | |
| 开本: | 26cm | |
| 丛书名: | ANSYS工程应用系列丛书 | |
| 单 册: | ||
| 中图分类: | O241.82 | |
| 科图分类: | ||
| 主题词: | 有限元分析--you xian yuan fen xi--应用软件 | |
| 电子资源: | ||
| ISBN: | 978-7-111-48555-1 | |
| 000 | 01235nam 2200313 450 | |
| 001 | CAL 0120141458150 | |
| 005 | 20150803141302.03 | |
| 010 | @a978-7-111-48555-1@dCNY79.00 (含光盘) | |
| 010 | @a978-7-89405-581-1@b光盘 | |
| 100 | @a20141222d2015 em y0chiy50 ea | |
| 101 | 0 | @achi |
| 102 | @aCN@b110000 | |
| 105 | @aak z 000yy | |
| 106 | @ar | |
| 200 | 1 | @aANSYS 15.0多物理耦合场有限元分析从入门到精通@AANSYS 15.0 duo wu li ou he chang you xian yuan fen xi cong ru men dao jing tong@f胡仁喜, 闫波, 康士廷等编著 |
| 205 | @a第3版 | |
| 210 | @a北京@c机械工业出版社@d2015.01 | |
| 215 | @a457页@c图@d26cm@e光盘1片 | |
| 225 | 2 | @aANSYS工程应用系列丛书@AANSYS gong cheng ying yong xi lie cong shu |
| 330 | @a本书共10章, 介绍了ANSYS耦合场的基本知识 ; 直接耦合场分析 ; 直接耦合场实例分析 ; 多场 (TM) 求解器-MFS单代码耦合分析 ; 使用代码耦合的多场求解器MFX求解过程以及启动和停止MFX分析等内容。 | |
| 410 | 0 | @12001 @aANSYS工程应用系列丛书 |
| 586 | @a | |
| 606 | 0 | @a有限元分析@Ayou xian yuan fen xi@x应用软件 |
| 690 | @aO241.82@v5 | |
| 701 | 0 | @a胡仁喜@Ahu ren xi@4编著 |
| 701 | 0 | @a闫波@Ayan bo@4编著 |
| 701 | 0 | @a康士廷@Akang shi ting@4编著 |
| 801 | 0 | @aCN@c20150820 |
| 905 | @a河南城建学院图书馆@dO241.82@eH490@f3 | |
| ANSYS 15.0多物理耦合场有限元分析从入门到精通/胡仁喜, 闫波, 康士廷等编著.-第3版.-北京:机械工业出版社,2015.01 |
| 457页:图;26cm+光盘1片.-(ANSYS工程应用系列丛书) |
| ISBN 978-7-111-48555-1:CNY79.00 (含光盘) |
| 本书共10章, 介绍了ANSYS耦合场的基本知识 ; 直接耦合场分析 ; 直接耦合场实例分析 ; 多场 (TM) 求解器-MFS单代码耦合分析 ; 使用代码耦合的多场求解器MFX求解过程以及启动和停止MFX分析等内容。 |
| ● |
| 相关链接 |
|
|
|
正题名:ANSYS 15.0多物理耦合场有限元分析从入门到
索取号:O241.82/H490
 
预约/预借
| 序号 | 登录号 | 条形码 | 馆藏地/架位号 | 状态 | 备注 |
| 1 | 1161271 | 211612717 | 自科库401/401自科库 79排1列2层/ [索取号:O241.82/H490] | 在馆 | |
| 2 | 1161272 | 211612726 | 自科库401/401自科库 79排1列2层/ [索取号:O241.82/H490] | 在馆 | |
| 3 | 1161273 | 211612735 | 自科库401/401自科库 79排1列2层/ [索取号:O241.82/H490] | 在馆 |